Baṅdagī nāmā. (Record no. 88711)
[ view plain ]
| 000 -LEADER | |
|---|---|
| fixed length control field | 00569cam a22002291 4500 |
| 001 - CONTROL NUMBER | |
| control field | sa 68018917 |
| 003 - CONTROL NUMBER IDENTIFIER | |
| control field | DLC |
| 005 - DATE AND TIME OF LATEST TRANSACTION | |
| control field | 20260227112715.0 |
| 008 - FIXED-LENGTH DATA ELEMENTS--GENERAL INFORMATION | |
| fixed length control field | 940912s1965 ii c 000 0 pano |
| 010 ## - LIBRARY OF CONGRESS CONTROL NUMBER | |
| LC control number | sa 68018917 |
| 025 ## - OVERSEAS ACQUISITION NUMBER | |
| Overseas acquisition number | PL480:I-Pu-1198 |
| 035 ## - SYSTEM CONTROL NUMBER | |
| System control number | (OCoLC)31091784 |
| 040 ## - CATALOGING SOURCE | |
| Original cataloging agency | DLC |
| Transcribing agency | CU |
| Modifying agency | CU |
| -- | DLC |
| 042 ## - AUTHENTICATION CODE | |
| Authentication code | premarc |
| 050 00 - LIBRARY OF CONGRESS CALL NUMBER | |
| Classification number | BL2018 |
| Item number | .S522 |
| 100 1# - MAIN ENTRY--PERSONAL NAME | |
| Personal name | Singh, Raghbir. |
| 245 10 - TITLE STATEMENT | |
| Title | Baṅdagī nāmā. |
| 260 ## - PUBLICATION, DISTRIBUTION, ETC. | |
| Place of publication, distribution, etc. | Calcutta: |
| Name of publisher, distributor, etc. | Atam-Science |
| Date of publication, distribution, etc. | [1965] |
| 300 ## - PHYSICAL DESCRIPTION | |
| Extent | 11, 419 p. |
| Other physical details | ports. |
| Dimensions | 19 cm. |
| 500 ## - GENERAL NOTE | |
| General note | In Panjabi. |
| 650 #0 - SUBJECT ADDED ENTRY--TOPICAL TERM | |
| Topical term or geographic name entry element | Sikhism. |
No items available.